Singapore Downtown Line (DTL) MRT Stations - Statistics

General Stats
  • This quiz has been taken 452 times
    220 since last reset
  • The average score is 28 of 35
Answers on the Map
Answers color-coded by a green-red scale on the quiz's map according to % correct below.
 
Answer Stats
Answer Hint % Correct
Cashew DT2
88%
Bukit Panjang DT1
87%
Tan Kah Kee DT8
87%
Expo DT35
85%
Little India DT12
85%
Chinatown DT19
84%
Downtown DT17
84%
Tampines DT32
84%
Beauty World DT5
83%
Newton DT11
83%
Bugis DT14
81%
Hume DT4
81%
Rochor DT13
81%
Hillview DT3
80%
King Albert Park DT6
80%
Sixth Avenue DT7
80%
Stevens DT10
80%
Tampines East DT33
80%
Ubi DT27
80%
Tampines West DT31
79%
Bencoolen DT21
78%
Botanic Gardens DT9
78%
Bayfront DT16
77%
MacPherson DT26
77%
Upper Changi DT34
76%
Promenade DT15
74%
Bedok Reservoir DT30
73%
Mattar DT25
73%
Bedok North DT29
72%
Bendemeer DT23
72%
Telok Ayer DT18
72%
Jalan Besar DT22
71%
Kaki Bukit DT28
70%
Fort Canning DT20
67%
Geylang Bahru DT24
66%
No matching quizzes found
Score Distribution
Percent of People with Each Score
Percentile by Number Answered
Your Score History
You have not taken this quiz since the last reset